Normal view
MARC view
- Muslim,Imam
Entry Personal Name
001 - CONTROL NUMBER
- control field: 104299
003 - CONTROL NUMBER IDENTIFIER
- control field: NUST
005 - DATE AND TIME OF LATEST TRANSACTION
- control field: 20221207084907.0
008 - FIXED-LENGTH DATA ELEMENTS
- fixed length control field: 221207|| aca||aabn | a|a d
040 ## - CATALOGING SOURCE
- Original cataloging agency: NUST
- Transcribing agency: NUST
100 ## - HEADING--PERSONAL NAME
- Personal name: Muslim,Imam
670 ## - SOURCE DATA FOUND
- Source citation: Work cat.: (NUST)215378: Muslim,Imam, Sahih Muslim (Vol I-B to IV-B) / , 1998
